Φορτώνει......
Education and Socio-economic achievements : towards an international survey of educational systems
| Κύριος συγγραφέας: | |
|---|---|
| Μορφή: | Printed Book |
| Έκδοση: |
ED379188
1991
|
| Διαθέσιμο Online: | http://10.26.1.76/ks/00493.pdf |
| LEADER | 004000000a22001210004500 | ||
|---|---|---|---|
| 100 | |a Erik H Cohen | ||
| 245 | |a Education and Socio-economic achievements : towards an international survey of educational systems | ||
| 260 | |c 1991 | ||
| 260 | |b ED379188 | ||
| 856 | |u http://10.26.1.76/ks/00493.pdf | ||
| 942 | |c KS | ||
| 999 | |c 69882 |d 69882 | ||
| 952 | |0 0 |1 0 |4 0 |7 0 |9 61846 |a MGUL |b MGUL |d 2015-08-01 |l 0 |r 2015-08-01 |w 2015-08-01 |y KS | ||